[Event "Marianske Lazne op 12th"]
[Site "Marianske Lazne"]
[Date "2013.01.24"]
[Round "7"]
[White "Grochocinska, Urszula"]
[Black "Gevorgyan, Maria"]
[Result "0-1"]
[WhiteElo "1851"]
[BlackElo "2092"]
[PlyCount "118"]
[EventDate "2013.01.19"]
[EventType "swiss"]
[EventRounds "9"]
[EventCountry "CZE"]
[SourceTitle "CBM 152 Extra"]
[Source "ChessBase"]
[SourceDate "2013.02.25"]
[SourceVersion "1"]
[SourceVersionDate "2013.02.25"]
[SourceQuality "1"]

1. e4 e5 2. Bc4 c6 3. d3 d5 4. Bb3 Nf6 5. Nf3 dxe4 6. Ng5 Bc5 7. Nxf7 Qb6 8. 0-0 Rf8 9. Nxe5 Qc7 10. d4 Bd6 11. Nc3 Bxe5 12. dxe5 Qxe5 13. h3 Bf5 14. Be3 Nbd7 15. Qd2 0-0-0 16. Bf4 Qa5 17. Nd5 Qc5 18. Ne3 Nb6 19. Qe2 Bd7 20. Rad1 Ne8 21. Bg5 Qxg5 22. Rd4 Nf6 23. Rfd1 Bxh3 24. Rxd8+ Rxd8 25. Rxd8+ Kxd8 26. Qd1+ Kc7 27. Kf1 Bd7 28. a4 Nbd5 29. Nc4 h5 30. Qe1 Nf4 31. g3 Bh3+ 32. Kg1 Ne6 33. Kh2 Bg4 34. Qb4 Qc5 35. Qd2 Bf3 36. Ne3 h4 37. Bxe6 hxg3+ 38. fxg3 Qe5 39. Bf5 g5 40. c3 b6 41. b4 Qe8 42. Kg1 Qh8 43. Qh2 Qxh2+ 44. Kxh2 Nd5 45. Nc2 Nxc3 46. Nd4 Kd6 47. g4 Nd5 48. Ne6 Ne3 49. Nxg5 Nxf5 50. gxf5 Ke5 51. Ne6 Kxf5 52. Nd4+ Kf4 53. Nxc6 e3 54. Nd4 e2 55. Nc2 Be4 56. Ne1 Ke3 57. Kg3 Kd2 58. Kf2 a6 59. a5 b5 0-1

[Event "Marianske Lazne op 12th"]
[Site "Marianske Lazne"]
[Date "2013.01.23"]
[Round "6"]
[White "Vavra, Pavel1111"]
[Black "Grochocinska, Urszula"]
[Result "1/2-1/2"]
[WhiteElo "2094"]
[BlackElo "1851"]
[PlyCount "99"]
[EventDate "2013.01.19"]
[EventType "swiss"]
[EventRounds "9"]
[EventCountry "CZE"]
[SourceTitle "CBM 152 Extra"]
[Source "ChessBase"]
[SourceDate "2013.02.25"]
[SourceVersion "1"]
[SourceVersionDate "2013.02.25"]
[SourceQuality "1"]

1. d4 d6 2. Nf3 f5 3. g3 g6 4. Bg2 Nf6 5. 0-0 Bg7 6. Nbd2 0-0 7. c3 c6 8. Qb3+ e6 9. Ng5 Qe7 10. e4 Nh5 11. Ngf3 fxe4 12. Nxe4 d5 13. Bg5 Qc7 14. Ned2 Nd7 15. Be7 Rf7 16. Qa3 c5 17. Bxc5 Nxc5 18. Qxc5 Qxc5 19. dxc5 Rc7 20. Rfe1 Rxc5 21. Bh3 Rb5 22. Rab1 Rb6 23. Ne5 Nf6 24. f4 Nd7 25. Nd3 Kf7 26. Nf3 Nf8 27. Nde5+ Ke7 28. c4 dxc4 29. Nxc4 Rc6 30. b3 b6 31. Nfe5 Rc7 32. Bg2 Bb7 33. Bxb7 Rxb7 34. Rbd1 Rc7 35. Re2 Rac8 36. Red2 g5 37. Nd6 Rb8 38. Nb5 Bxe5 39. fxe5 Rc5 40. Nxa7 Ra8 41. b4 Rc4 42. Nb5 Rxb4 43. Nd4 Rc4 44. Nf3 g4 45. Ng5 h6 46. Nh7 Rc5 47. Nxf8 Kxf8 48. Rd7 Rxe5 49. Rh7 Kg8 50. Rhd7 1/2-1/2

[Event "POL-ch U18 Girls"]
[Site "Szczyrk"]
[Date "2013.??.??"]
[Round "6"]
[White "Wisniowska, Klaudia"]
[Black "Grochocinska, Urszula"]
[Result "1/2-1/2"]
[WhiteElo "2187"]
[BlackElo "1860"]
[PlyCount "100"]
[EventDate "2013.03.17"]
[EventType "swiss"]
[EventRounds "9"]
[EventCountry "POL"]
[SourceTitle "CBM 153 Extra"]
[Source "ChessBase"]
[SourceDate "2013.04.22"]
[SourceVersion "1"]
[SourceVersionDate "2013.04.22"]
[SourceQuality "1"]

1. e4 e5 2. Nf3 Nc6 3. Bb5 Bb4 4. 0-0 Nge7 5. a3 Ba5 6. b4 Bb6 7. Bb2 d6 8. d4 exd4 9. Nxd4 0-0 10. Nxc6 Nxc6 11. Bxc6 bxc6 12. Nd2 Re8 13. Qf3 Re6 14. Nc4 Rg6 15. Nxb6 cxb6 16. Qe3 Qh4 17. f4 Bh3 18. Rf2 Re8 19. Re1 d5 20. e5 Bf5 21. a4 Qe7 22. Qd4 Qe6 23. Ref1 Rg4 24. Re1 h5 25. a5 bxa5 26. bxa5 a6 27. Qa7 Qc8 28. e6 Rxe6 29. Be5 f6 30. Rb1 Qf8 31. Rb8 Re8 32. Bd6 Qf7 33. Qxf7+ Kxf7 34. Rb6 Re1+ 35. Rf1 Rxf1+ 36. Kxf1 Bxc2 37. Rxc6 Be4 38. g3 h4 39. Kf2 hxg3+ 40. hxg3 Bd3 41. Rc7+ Ke6 42. Bf8 g5 43. Rc6+ Kf7 44. Bd6 gxf4 45. Bxf4 Rg8 46. Ke3 Bb5 47. Rb6 Rc8 48. Kd4 Bc4 49. Rb7+ Ke6 50. Rc7 Rxc7 1/2-1/2

[Event "POL-chT (Women) 5th"]
[Site "Wroclaw"]
[Date "2012.12.02"]
[Round "4"]
[White "Wolska, Marta"]
[Black "Grochocinska, Urszula"]
[Result "0-1"]
[WhiteElo "1606"]
[BlackElo "1817"]
[PlyCount "50"]
[EventDate "2012.11.30"]
[EventType "team-tourn"]
[EventRounds "4"]
[EventCountry "POL"]
[SourceTitle "EXT 2019"]
[Source "ChessBase"]
[SourceDate "2018.10.10"]
[SourceVersion "1"]
[SourceVersionDate "2018.10.10"]
[SourceQuality "1"]
[WhiteTeam "Wroclaw MUKS MDK Srodmiescie (W)"]
[BlackTeam "Wroclaw Polonia (W)"]
[WhiteTeamCountry "POL"]
[BlackTeamCountry "POL"]

1. d4 g6 2. c4 d6 3. Nc3 Bg7 4. e4 f5 5. Nf3 Nc6 6. Bf4 fxe4 7. Nxe4 Bg4 8. Be3 Nf6 9. Nc3 e5 10. dxe5 Nxe5 11. Qa4+ Bd7 12. Qb3 Nxf3+ 13. gxf3 Bc6 14. Be2 Ng4 15. Nd5 Bxd5 16. cxd5 Nxe3 17. Qxe3+ Qe7 18. Bb5+ Kd8 19. Qxe7+ Kxe7 20. 0-0-0 Rhf8 21. Rhe1+ Be5 22. Rd3 Rf4 23. Rb3 Raf8 24. Be2 b6 25. Bd1 Rh4 0-1

[Event "POL-chT (Women) 5th"]
[Site "Wroclaw"]
[Date "2012.12.01"]
[Round "2"]
[White "Zawadzka, Magdalena"]
[Black "Grochocinska, Urszula"]
[Result "0-1"]
[WhiteElo "2059"]
[BlackElo "1817"]
[PlyCount "74"]
[EventDate "2012.11.30"]
[EventType "team-tourn"]
[EventRounds "4"]
[EventCountry "POL"]
[SourceTitle "EXT 2019"]
[Source "ChessBase"]
[SourceDate "2018.10.10"]
[SourceVersion "1"]
[SourceVersionDate "2018.10.10"]
[SourceQuality "1"]
[WhiteTeam "Wroclaw Politechnika (W)"]
[BlackTeam "Wroclaw Polonia (W)"]
[WhiteTeamCountry "POL"]
[BlackTeamCountry "POL"]

1. e4 e5 2. Nf3 Nc6 3. Bc4 Nf6 4. d3 Bc5 5. Bg5 d6 6. h3 h6 7. Bh4 Na5 8. Bb5+ c6 9. Ba4 b5 10. Bb3 Nxb3 11. axb3 0-0 12. Nbd2 Re8 13. 0-0 Kh7 14. Re1 g5 15. Bg3 Nh5 16. Nf1 Nf4 17. Ne3 Rg8 18. Nh2 Be6 19. c3 Qf6 20. Rc1 Bb6 21. Kh1 Qg6 22. b4 d5 23. Neg4 f6 24. Nf3 dxe4 25. dxe4 Rad8 26. Qc2 Nd3 27. Rcd1 Nxe1 28. Rxe1 h5 29. Ne3 Rg7 30. b3 Rgd7 31. c4 Bxe3 32. Rxe3 Rd1+ 33. Kh2 bxc4 34. bxc4 h4 35. Bxe5 fxe5 36. Nxe5 Qf6 37. Nd3 Qa1 0-1

[Event "EU-ch U16 Girls"]
[Site "Prague"]
[Date "2012.08.20"]
[Round "4"]
[White "Grochocinska, Urszula"]
[Black "Cosman, Andreea Marioara"]
[Result "1/2-1/2"]
[WhiteElo "1828"]
[BlackElo "1921"]
[PlyCount "57"]
[EventDate "2012.08.17"]
[EventType "swiss"]
[EventRounds "9"]
[EventCountry "CZE"]
[SourceTitle "CBM 150 Extra"]
[Source "ChessBase"]
[SourceDate "2012.10.19"]
[SourceVersion "1"]
[SourceVersionDate "2012.10.19"]
[SourceQuality "1"]

1. e4 c5 2. Nf3 d6 3. c3 Nf6 4. Bd3 Bg4 5. Bc2 Nc6 6. d3 e6 7. Nbd2 Be7 8. h3 Bh5 9. Nf1 d5 10. Ng3 dxe4 11. Nxh5 exf3 12. Nxg7+ Kd7 13. Qxf3 Rg8 14. Bh6 Bf8 15. Nh5 Nxh5 16. Qxf7+ Kd6 17. Qxg8 Bxh6 18. Qxd8+ Rxd8 19. g4 Nf4 20. h4 Ke7 21. g5 Bg7 22. 0-0-0 h5 23. Kd2 Ne5 24. Ke3 Nd5+ 25. Kd2 Nf4 26. Ke3 Nd5+ 27. Kd2 Nf4 28. Ke3 Nd5+ 29. Kd2 1/2-1/2

[Event "EU-ch U16 Girls"]
[Site "Prague"]
[Date "2012.08.17"]
[Round "1"]
[White "Imnadze, Nato"]
[Black "Grochocinska, Urszula"]
[Result "1-0"]
[WhiteElo "2030"]
[BlackElo "1828"]
[PlyCount "83"]
[EventDate "2012.08.17"]
[EventType "swiss"]
[EventRounds "9"]
[EventCountry "CZE"]
[SourceTitle "CBM 150 Extra"]
[Source "ChessBase"]
[SourceDate "2012.10.19"]
[SourceVersion "1"]
[SourceVersionDate "2012.10.19"]
[SourceQuality "1"]

1. e4 e5 2. Nf3 Nc6 3. d3 g6 4. Nbd2 Bg7 5. Be2 d6 6. c3 Nge7 7. 0-0 0-0 8. b4 a6 9. a4 d5 10. Qb3 dxe4 11. dxe4 Be6 12. Qc2 Nc8 13. Bc4 Bg4 14. h3 Bxf3 15. Nxf3 Nd6 16. Bb3 Kh8 17. Rd1 Qe7 18. Ba3 Rad8 19. Nd2 b5 20. Re1 Nb8 21. Rad1 Nd7 22. c4 bxc4 23. Nxc4 Nxc4 24. Qxc4 a5 25. Ra1 axb4 26. Bxb4 c5 27. Ba3 Rc8 28. a5 Qd8 29. Bb2 Qc7 30. Bc3 f5 31. exf5 Rxf5 32. Rad1 Rcf8 33. Re2 Nb8 34. a6 Qb6 35. Ra1 Rf4 36. Qe6 Qb5 37. Rb2 Re8 38. Qd5 Nxa6 39. Ba4 Qc4 40. Qxc4 Rxc4 41. Bxe8 Nc7 42. Rb8 1-0

[Event "Wroclaw op-B 6th"]
[Site "Wroclaw"]
[Date "2011.07.06"]
[Round "4"]
[White "Grochocinska, Urszula"]
[Black "Radzicki, Wieslaw"]
[Result "0-1"]
[WhiteElo "1789"]
[BlackElo "1820"]
[PlyCount "134"]
[EventDate "2011.07.04"]
[EventType "swiss"]
[EventRounds "9"]
[EventCountry "POL"]
[SourceTitle "EXT 2023"]
[Source "ChessBase"]
[SourceDate "2022.10.05"]
[SourceVersion "1"]
[SourceVersionDate "2022.10.05"]
[SourceQuality "1"]

1. e4 e5 2. Nf3 Nf6 3. Nxe5 d6 4. Nf3 Nxe4 5. Nc3 Nf6 6. d4 d5 7. Bd3 Be7 8. 0-0 Bg4 9. Be2 0-0 10. Ne5 Bf5 11. Re1 c6 12. Bd3 Bg6 13. Nxg6 hxg6 14. Ne2 Nh5 15. Nf4 Nxf4 16. Bxf4 Nd7 17. Re3 Nf6 18. Rh3 Qd7 19. Qd2 Rfe8 20. Bh6 Bf8 21. Bg5 Nh5 22. Be2 Nf6 23. Re1 Ne4 24. Qc1 Qf5 25. Be3 Bd6 26. Bd3 Qd7 27. Bf4 Bf8 28. f3 Nf6 29. Be5 Qe6 30. Qf4 Be7 31. g4 Nh7 32. Qd2 Ng5 33. Rg3 Bd8 34. f4 Ne4 35. Bxe4 dxe4 36. Rxe4 f6 37. f5 Qd5 38. g5 Rxe5 39. Reg4 Rxf5 40. gxf6 Bxf6 41. c3 Rf8 42. Qe2 g5 43. Re4 b5 44. Re8 Kf7 45. Ree3 Rh8 46. Rh3 Rxh3 47. Rxh3 g4 48. Rh8 Be7 49. Ra8 Qxa2 50. Qd3 Qa1+ 51. Kg2 Qxb2+ 52. Kg1 Qf2+ 53. Kh1 Qf3+ 54. Qxf3 Rxf3 55. Rxa7 Rxc3 56. Rc7 Rc4 57. h3 g3 58. h4 b4 59. d5 Ke8 60. dxc6 b3 61. Rc8+ Kf7 62. Rb8 Bb4 63. c7 b2 64. Rxb4 Rxb4 65. c8Q b1Q+ 66. Kg2 Qa2+ 67. Kh3 Qh2# 0-1

[Event "Marianske Lazne op"]
[Site "Marianske Lazne"]
[Date "2011.01.20"]
[Round "7"]
[White "Pokora, Lubomir"]
[Black "Grochocinska, Urszula"]
[Result "0-1"]
[WhiteElo "1930"]
[BlackElo "1753"]
[PlyCount "80"]
[EventDate "2011.01.15"]
[EventType "swiss"]
[EventRounds "9"]
[EventCountry "CZE"]
[SourceTitle "CBM 140 Extra"]
[Source "ChessBase"]
[SourceDate "2011.03.01"]
[SourceVersion "1"]
[SourceVersionDate "2011.03.01"]
[SourceQuality "1"]

1. e4 e5 2. Nf3 Nc6 3. Bb5 a6 4. Ba4 Nf6 5. d4 exd4 6. 0-0 Be7 7. e5 Ne4 8. Nxd4 Nxd4 9. Qxd4 Nc5 10. Nc3 0-0 11. Be3 Nxa4 12. Qxa4 d6 13. Rad1 Bd7 14. Qd4 Bc6 15. Bf4 dxe5 16. Qxe5 Bd6 17. Qh5 Re8 18. Bxd6 cxd6 19. Qg4 Re6 20. Qd4 Qg5 21. f3 Rae8 22. Qd2 Qh4 23. a3 Rh6 24. g3 Qh5 25. Rde1 Rxe1 26. Rxe1 Qxf3 27. Nd5 Re6 28. Rxe6 fxe6 29. Ne7+ Kf7 30. Nxc6 Qxc6 31. Qf4+ Ke8 32. Qg4 Qc5+ 33. Kh1 Qf5 34. Qe2 Ke7 35. Kg2 e5 36. Qc4 g5 37. h3 h5 38. Qb3 Qe4+ 39. Kg1 g4 40. h4 Qf3 0-1

[Event "POL-chT U19 1st League"]
[Site "Ustron"]
[Date "2011.??.??"]
[Round "5.5"]
[White "Grochocinska, Urszula"]
[Black "Delekta, Anna"]
[Result "1-0"]
[WhiteElo "1790"]
[BlackElo "1699"]
[PlyCount "149"]
[EventDate "2011.06.24"]
[EventType "team-tourn"]
[EventRounds "9"]
[EventCountry "POL"]
[SourceTitle "EXT 2015"]
[Source "ChessBase"]
[SourceDate "2014.11.20"]
[SourceVersion "1"]
[SourceVersionDate "2014.11.20"]
[SourceQuality "1"]
[WhiteTeam "Wroclaw KS Polonia U19 II"]
[BlackTeam "Gorzow Wielkopolski Stilon U19 II"]
[WhiteTeamCountry "POL"]
[BlackTeamCountry "POL"]

1. e4 c5 2. Nf3 Nc6 3. c3 Qa5 4. Bd3 e6 5. 0-0 Bd6 6. Na3 Qc7 7. Nb5 Qb8 8. Nxd6+ Qxd6 9. Bc2 e5 10. d4 exd4 11. cxd4 cxd4 12. Be3 Nge7 13. Nxd4 0-0 14. Nxc6 Qxc6 15. Rc1 Qe6 16. Bb3 Qxe4 17. Re1 Qh4 18. Rc4 Qf6 19. Rf4 Nf5 20. Bd4 Qg5 21. Rg4 Qh6 22. Qf3 d5 23. Bxd5 Bd7 24. Bxb7 Rae8 25. Qc3 Rxe1+ 26. Qxe1 Re8 27. Qc3 Qd6 28. h3 h5 29. Rxg7+ Nxg7 30. Bxg7 h4 31. Bd4 Bf5 32. Qd2 Bg6 33. Bc3 Qf8 34. Qd4 Qh6 35. Bd2 Qh7 36. Bc6 Rc8 37. Bd7 Rf8 38. Qxa7 Be4 39. Bb4 Qg6 40. Bg4 Ra8 41. Qe3 Rxa2 42. Ba3 Ra1+ 43. Kh2 Rd1 44. Bf3 Bxf3 45. Qxf3 Rd3 46. Qf4 Qh5 47. Be7 Rd7 48. Bxh4 Qg6 49. Bf6 Rb7 50. Qe5 Kh7 51. Qd4 Rb8 52. b4 Rg8 53. g3 Qf5 54. Qh4+ Kg6 55. Bd4 Rb8 56. Be3 f6 57. Qh6+ Kf7 58. Bc5 Rc8 59. Qe3 Rh8 60. h4 Re8 61. Qb3+ Kg6 62. Be3 Qe5 63. b5 Rh8 64. Qd3+ f5 65. Bf4 Qc5 66. Qe2 Qb6 67. Be3 Qd6 68. Kg1 Qe5 69. Qc4 Rd8 70. Qc6+ Rd6 71. Qa8 Qxb5 72. Qg8+ Kf6 73. Bg5+ Ke5 74. Bf4+ Ke4 75. Bxd6 1-0

[Event "POL-chT U19 1st League"]
[Site "Suchedniow"]
[Date "2010.07.11"]
[Round "6"]
[White "Cyboran, Katarzyna"]
[Black "Grochocinska, Urszula"]
[Result "1-0"]
[WhiteElo "1777"]
[BlackElo "1735"]
[PlyCount "79"]
[EventDate "2010.07.06"]
[EventType "team-tourn"]
[EventRounds "9"]
[EventCountry "POL"]
[SourceTitle "EXT 2019"]
[Source "ChessBase"]
[SourceDate "2018.10.10"]
[SourceVersion "1"]
[SourceVersionDate "2018.10.10"]
[SourceQuality "1"]
[WhiteTeam "Czarna LKSz GCKiP U19"]
[BlackTeam "Wroclaw KS Polonia U19 II"]
[WhiteTeamCountry "POL"]
[BlackTeamCountry "POL"]

1. e4 g6 2. d4 Bg7 3. Nc3 d6 4. Be3 Nf6 5. f3 Nbd7 6. Qd2 0-0 7. 0-0-0 b6 8. g4 c5 9. h4 cxd4 10. Bxd4 Nc5 11. h5 a6 12. hxg6 fxg6 13. Qh2 Kf7 14. Bxf6 Bxf6 15. Qxh7+ Bg7 16. Rh6 Rg8 17. Bc4+ e6 18. Qxg6+ Kf8 19. Rh7 Ra7 20. Qh5 Rc7 21. Nge2 b5 22. Bb3 Nxb3+ 23. axb3 b4 24. Na4 Qd7 25. Kb1 Qc6 26. Rd2 Bf6 27. Rxc7 Qxc7 28. Qh6+ Kf7 29. Qh2 Be5 30. Qh5+ Kf8 31. Qh6+ Kf7 32. g5 Rg6 33. Qh5 Qe7 34. f4 Bg7 35. Nb6 Bb7 36. f5 exf5 37. exf5 Be4 38. Qxg6+ Kf8 39. Qxd6 Bxc2+ 40. Kxc2 1-0

[Event "POL-chT U19 1st League"]
[Site "Suchedniow"]
[Date "2010.07.10"]
[Round "5"]
[White "Grochocinska, Urszula"]
[Black "Bialowas, Inga"]
[Result "1-0"]
[WhiteElo "1735"]
[BlackElo "1633"]
[PlyCount "101"]
[EventDate "2010.07.06"]
[EventType "team-tourn"]
[EventRounds "9"]
[EventCountry "POL"]
[SourceTitle "EXT 2019"]
[Source "ChessBase"]
[SourceDate "2018.10.10"]
[SourceVersion "1"]
[SourceVersionDate "2018.10.10"]
[SourceQuality "1"]
[WhiteTeam "Wroclaw KS Polonia U19 II"]
[BlackTeam "Brzozow LKS Brzozowia MOSiR U19"]
[WhiteTeamCountry "POL"]
[BlackTeamCountry "POL"]

1. e4 c5 2. Nf3 e6 3. c3 d5 4. exd5 exd5 5. d4 c4 6. g3 Nf6 7. Bg2 Be7 8. 0-0 0-0 9. Nbd2 Nc6 10. Re1 Bf5 11. Ne5 Re8 12. Ndf3 Ne4 13. Nxc6 bxc6 14. Ne5 Qc8 15. g4 Be6 16. f3 Ng5 17. h4 f6 18. hxg5 fxe5 19. Rxe5 Bd6 20. Re2 Re7 21. Qe1 Qd7 22. Bd2 Rae8 23. g6 h6 24. Qh4 Qc7 25. g5 Bg3 26. Qh5 Bf4 27. gxh6 gxh6 28. Bxf4 Qxf4 29. Rae1 Kg7 30. Qe5+ Qxe5 31. Rxe5 Kf6 32. f4 Bf5 33. g7 Rxe5 34. fxe5+ Kxg7 35. Kh2 Kf7 36. Bf3 Rg8 37. Bh5+ Ke7 38. Rf1 Rg5 39. Bd1 a5 40. Ba4 Kd7 41. Rf2 Kc7 42. Bd1 Kd7 43. Rxf5 Rxf5 44. Bg4 Ke6 45. Kg3 h5 46. Bh3 a4 47. a3 c5 48. Kh4 cxd4 49. cxd4 Ke7 50. Bxf5 Kd8 51. Be6 1-0

[Event "POL-ch U14 Girls"]
[Site "Sekocin Stary"]
[Date "2010.05.05"]
[Round "7"]
[White "Grochocinska, Urszula"]
[Black "Tarnowska, Aleksandra"]
[Result "1-0"]
[WhiteElo "1720"]
[BlackElo "1741"]
[PlyCount "57"]
[EventDate "2010.05.01"]
[EventType "swiss"]
[EventRounds "10"]
[EventCountry "POL"]
[SourceTitle "EXT 2011"]
[Source "ChessBase"]
[SourceDate "2010.11.26"]
[SourceVersion "1"]
[SourceVersionDate "2010.11.26"]
[SourceQuality "1"]

1. e4 c5 2. b4 cxb4 3. a3 d5 4. exd5 Qxd5 5. Nf3 e5 6. Bb2 Nc6 7. axb4 Nxb4 8. Nc3 Qd8 9. Nxe5 Nf6 10. Bb5+ Bd7 11. Nxd7 Nxd7 12. 0-0 a6 13. Ba4 b5 14. Bb3 Nf6 15. Re1+ Be7 16. Qe2 Nc6 17. Bxf7+ Kxf7 18. Qe6+ Kg6 19. Qxc6 Re8 20. Re3 Qd6 21. Qf3 Kf7 22. Ne4 Qd7 23. h3 Rec8 24. Rae1 Re8 25. Bxf6 Bxf6 26. Nxf6 gxf6 27. Qh5+ Kf8 28. Qh6+ Kg8 29. Rg3+ 1-0

[Event "POL-ch U14 Girls"]
[Site "Sekocin Stary"]
[Date "2010.05.01"]
[Round "1"]
[White "Grochocinska, Urszula"]
[Black "Jarmuzek, Karolina"]
[Result "1-0"]
[WhiteElo "1720"]
[BlackElo "1504"]
[PlyCount "49"]
[EventDate "2010.05.01"]
[EventType "swiss"]
[EventRounds "10"]
[EventCountry "POL"]
[SourceTitle "EXT 2011"]
[Source "ChessBase"]
[SourceDate "2010.11.26"]
[SourceVersion "1"]
[SourceVersionDate "2010.11.26"]
[SourceQuality "1"]

1. e4 c5 2. c3 e5 3. d4 cxd4 4. cxd4 exd4 5. Nf3 Nc6 6. Nxd4 Nf6 7. Nxc6 dxc6 8. Qxd8+ Kxd8 9. Bd3 Bc5 10. 0-0 Re8 11. Nc3 Be6 12. Bg5 h6 13. Bh4 g5 14. Bg3 Nh5 15. Be5 f6 16. Na4 Bxf2+ 17. Rxf2 fxe5 18. Nc5 b6 19. Nxe6+ Rxe6 20. Bc4 Rf6 21. Rd2+ Kc7 22. Rad1 Re8 23. Rd7+ Kb8 24. Ba6 Ka8 25. Rd8+ 1-0

[Event "Wroclaw op"]
[Site "Wroclaw"]
[Date "2010.02.13"]
[Round "9"]
[White "Wrobel, Maciej"]
[Black "Grochocinska, Urszula"]
[Result "1-0"]
[WhiteElo "1879"]
[BlackElo "1688"]
[PlyCount "57"]
[EventDate "2010.02.08"]
[EventType "swiss"]
[EventRounds "9"]
[EventCountry "POL"]
[SourceTitle "CBM 134 Extra"]
[Source "ChessBase"]
[SourceDate "2010.03.03"]
[SourceVersion "1"]
[SourceVersionDate "2010.03.03"]
[SourceQuality "1"]

1. e4 e5 2. Nf3 Nc6 3. d4 exd4 4. Bc4 Bc5 5. c3 Nf6 6. e5 Ne4 7. Bd5 f5 8. 0-0 dxc3 9. Nxc3 Nxc3 10. bxc3 h6 11. Nd4 Ne7 12. Nxf5 Nxd5 13. Nxg7+ Kf8 14. Qxd5 Kxg7 15. Qxc5 b6 16. Qd4 c5 17. Qg4+ Kh7 18. Qe4+ Kg7 19. Qxa8 Qc7 20. Qe4 Bb7 21. Qg4+ Kf7 22. Bf4 Qc6 23. Qf5+ Ke7 24. Qf6+ Qxf6 25. exf6+ Kxf6 26. Rfe1 Rg8 27. g3 h5 28. h4 d5 29. Re5 1-0